| 000 | 00744cam a2200265 4500 | ||
|---|---|---|---|
| 008 | 090401t1999 xxu||||| |||| 00| 0 eng d | ||
| 020 | _a1860812783 | ||
| 035 | _a(Sirsi) u93517 | ||
| 041 | _aeng | ||
| 050 | _a690 | ||
| 110 | _aBuilding Research Establishment | ||
| 245 | _aLow-rise building foundations : the influence of trees in clay soils | ||
| 250 | _aApril 1999 | ||
| 260 |
_bBuilding Research Establishment _c1999 |
||
| 300 | _a8p. ; 30cm. | ||
| 350 | _a0 | ||
| 490 |
_aBRE Digest _v298 |
||
| 650 | _aCLAY SOILS | ||
| 650 | _aBUILT ENVIRONMENT-BUILDING ELEMENTS-COMPLETE BUILDING ELEMENTS-FOUNDATIONS | ||
| 650 | _aTREE ROOTS | ||
| 650 | _aTREES | ||
| 690 | _aBUILT ENVIRONMENT | ||
| 942 | _n0 | ||
| 948 | _c21/05/1999 | ||
| 999 |
_c97837 _d97837 |
||